000 00526nam a22001577a 4500
005 20251108171135.0
008 250721s9999 xx 000 0 ara d
082 1 4 _a245.6/تيم
100 1 _aإبن تيمية، تقي الدين أبو العباس محمد بن عبد الحليم الحنبلي
245 1 0 _aصحة أصول مذهب أهل المدينة /
264 1 _aبيروت :
_bدار الندوة الجديدة،
300 _a91ص
650 1 7 _aأهل الحديث
942 _2ddc
_cBK
999 _c57651
_d57651